01012nam a22002897a 450000500170000000800410001702000180005804000090007608200240008510000260010924500660013525000260020126000370022730000460026450000200031065000370033065000270036765000330039465000250042770000280045270000270048070000290050794000090053694200370054595201250058299900150070720230512222033.0180507t xxu||||| |||| 00| 0 eng d a9780071275637 cCSPC0 a150.2461073 bW151p aWalker, Jan,eauthor.00aPsychology for nurses and the caring professions/cJan Walker aThird (3rd)bedition. aNew York :bMcGraw-Hill ;c2007. ax, 275 pages :bfigures, tables ;c23 cm. aIncludes Index.10aNursingvPsychological aspects. 10aPatientsvPsychology. 10aClinical health psychology. 10aPsychology, Applied.1 aPayne, Sheila,eauthor.1 aSmith, Paula,eauthor.1 aJarrett, Nikki,eauthor. ayves cBOOKjNUR 150.2461073 W151p 2007 00104070aCSPCbCSPCcNURd2023-05-12l0oNUR 150.2461073 W151p 2007p009953r2023-05-12 00:00:00t1-1w2023-05-12yBK c4022d4022